| 000 | 00473nam a2200181Ia 4500 | ||
|---|---|---|---|
| 005 | 20250616103741.0 | ||
| 008 | 008 250516s9999 xx 000 0 eng d | ||
| 020 | _a9789354476686 | ||
| 040 |
_beng _cSDCL |
||
| 041 |
_aeng _2eng |
||
| 084 | _aV2:2'P R4 LR | ||
| 100 | _aChandhoke, Neera | ||
| 245 | 0 | _aWe, the people, and our constitution | |
| 260 |
_aNew Delhi : _bSpeaking Tiger, _c2024. |
||
| 300 | _a160p. | ||
| 650 | _aPolitical Science | ||
| 942 |
_cGB _2CC |
||
| 999 |
_c1430412 _d1430412 |
||